| 000 | 00707cam a22002291 4500 | ||
|---|---|---|---|
| 001 | g 01000935 | ||
| 003 | DLC | ||
| 005 | 20260227111253.0 | ||
| 008 | 860102s1899 gw 000 0 ger | ||
| 010 | _ag 01000935 | ||
| 035 | _a(OCoLC)12965479 | ||
| 040 |
_aDLC _cDSI _dDLC |
||
| 041 | 1 |
_agersai _hsai |
|
| 042 | _apremarc | ||
| 050 | 0 | 0 |
_aPM7173 _b.F6 1899 |
| 100 | 1 |
_aFigueira, Luis, _d1573-1643. |
|
| 245 | 0 | 4 |
_aDer Sprachstoff der brasilianischen Grammatik des Luis Figueira _cnach der Ausgabe von 1687 von Julius Platzmann. |
| 260 |
_aLeipzig, _bB.G. Teubner, _c1899. |
||
| 300 |
_aliv, 247, [1] p. _c24 cm. |
||
| 650 | 0 |
_aTupi language _xGrammar. |
|
| 700 | 1 |
_aPlatzmann, Julius, _d1832-1902, _etr. |
|
| 999 |
_c23594 _d23594 |
||